| 000 | 00899nam a2200289 i 4500 | ||
|---|---|---|---|
| 001 | bg | ||
| 003 | BPK | ||
| 005 | 20200219095125.0 | ||
| 008 | 020304s2001 pl a f |000 0 pol d | ||
| 020 | _a8387297976 | ||
| 040 | _cBPK | ||
| 041 | 1 |
_apol _heng |
|
| 080 | _a004.451 | ||
| 080 | _a(07) | ||
| 100 | 1 | _aShah, Steve. | |
| 245 | 1 | 0 |
_aLinux - administracja : _bkurs podstawowy / _cSteve Shah ; [tł. Robert Florczyk, Marcin Sajak, Piotr Zięba. |
| 260 |
_aKraków : _b"Edition 2000", _c2001. |
||
| 300 |
_aXXIV, 664 s. : _bil. ; _c24 cm + _eCD ROM. |
||
| 490 | 1 | _aSieci. Biblioteka Profesjonalisty | |
| 504 | _aIndeks. | ||
| 655 | 4 | _aPodręcznik | |
| 650 | 4 | _aLinux | |
| 830 | 0 | _aSieci | |
| 830 | 0 | _aBiblioteka Profesjonalisty | |
| 856 |
_uhttp://koha.tu.koszalin.pl/cgi-bin/koha/opac-detail.pl?biblionumber=41847 _yKatalog online BPK |
||
| 942 |
_cKS _2UKD |
||
| 999 |
_c41847 _d41847 |
||